[Event "GER-chT U12"]
[Site "Arendsee"]
[Date "2011.12.29"]
[Round "5.4"]
[White "Schuler, Max"]
[Black "Suvorov, Alexander David"]
[Result "1-0"]
[WhiteElo "1212"]
[BlackElo "1259"]
[PlyCount "117"]
[EventDate "2011.12.27"]
[EventType "team-swiss"]
[EventRounds "7"]
[EventCountry "GER"]
[SourceTitle "EXT 2022"]
[Source "ChessBase"]
[SourceDate "2021.10.06"]
[SourceVersion "1"]
[SourceVersionDate "2021.10.06"]
[SourceQuality "1"]
[WhiteTeam "Dresden Gruen Weiss U12"]
[BlackTeam "Porz SG U12"]
[WhiteTeamCountry "GER"]
[BlackTeamCountry "GER"]

1. e4 e5 2. f4 exf4 3. Nf3 Be7 4. Bc4 Bh4+ 5. Kf1 d6 6. Nc3 Bg4 7. Be2 Bxf3 8. Bxf3 Ne7 9. d4 Ng6 10. Nd5 Bg5 11. Qe2 c6 12. Nc3 0-0 13. Bd2 Re8 14. Qd3 Nd7 15. Re1 Bf6 16. Bh5 Rf8 17. Ke2 Qc7 18. Kd1 Nb6 19. Rhf1 Nh4 20. Re2 g5 21. g3 fxg3 22. hxg3 Bxd4 23. gxh4 Bg7 24. Bxg5 d5 25. exd5 Nxd5 26. Nxd5 cxd5 27. Kc1 Rae8 28. Rxe8 Rxe8 29. Bxf7+ Qxf7 30. Rxf7 Kxf7 31. Qxd5+ Kf8 32. c3 Re5 33. Qxb7 h6 34. Bd2 Re7 35. Qf3+ Kg8 36. Qd5+ Rf7 37. Be3 Bf8 38. h5 a5 39. Bd4 Bg7 40. Bxg7 Kxg7 41. Qxa5 Rf1+ 42. Kc2 Rf2+ 43. Kb3 Rf8 44. Qe5+ Kg8 45. Qe6+ Kg7 46. Qg6+ Kh8 47. Qxh6+ Kg8 48. Qg6+ Kh8 49. h6 Rb8+ 50. Kc2 Rxb2+ 51. Kd3 Rd2+ 52. Ke4 Re2+ 53. Kf5 Rf2+ 54. Ke6 Re2+ 55. Kf6 Re6+ 56. Kg5 Re5+ 57. Qf5 Re8 58. Qf6+ Kg8 59. Qg7# 1-0

[Event "GER-chT U12"]
[Site "Arendsee"]
[Date "2011.12.28"]
[Round "3.4"]
[White "Schuler, Max"]
[Black "Fronius, Thies"]
[Result "1-0"]
[WhiteElo "1212"]
[BlackElo "951"]
[PlyCount "49"]
[EventDate "2011.12.27"]
[EventType "team-swiss"]
[EventRounds "7"]
[EventCountry "GER"]
[SourceTitle "EXT 2022"]
[Source "ChessBase"]
[SourceDate "2021.10.06"]
[SourceVersion "1"]
[SourceVersionDate "2021.10.06"]
[SourceQuality "1"]
[WhiteTeam "Dresden Gruen Weiss U12"]
[BlackTeam "Kiel Doppelbauer U12"]
[WhiteTeamCountry "GER"]
[BlackTeamCountry "GER"]

1. e4 e5 2. f4 d6 3. Nf3 Nc6 4. Bc4 Bg4 5. h3 Bd7 6. Nc3 h6 7. 0-0 g5 8. fxe5 dxe5 9. Nh2 f6 10. d3 Qe7 11. Qh5+ Kd8 12. Qd1 Bg7 13. Be3 a6 14. Qe2 Rb8 15. a3 Qd6 16. Qf2 Qe7 17. Nd5 Qf8 18. Rad1 Na5 19. Ba2 Qe8 20. Nxc7 Kxc7 21. Bb6+ Kc8 22. Bxa5 Bc6 23. Qb6 Qe7 24. Be6+ Qxe6 25. Qc7# 1-0